| 000 | 01018nam a22003617a 4500 | ||
|---|---|---|---|
| 001 | 0016285 | ||
| 003 | KOHA_MİRAKIL | ||
| 005 | 20260207002100.0 | ||
| 007 | ta | ||
| 008 | 100413b1970 tu |||gr||||#0|||0|tur | | ||
| 040 |
_aTR-BiSEU _btur _cTR-BiSEU _erda |
||
| 041 | 0 | _atur | |
| 044 | _ctu | ||
| 050 |
_aDR590 _b.K37 1970 |
||
| 100 | 1 | _aKaraca, Kurt. | |
| 245 | 1 |
_aMilliyetçi Türkiye : _bmilliyetçi-toplumcu düzen/ _cKurt Karaca ; Kurt Karaca. |
|
| 264 | 1 |
_aAnkara : _bÇınar Yayınevi _c1970 |
|
| 300 | _a152 sayfa; 21 cm. | ||
| 336 |
_ametin _btxt _2rdacontent |
||
| 337 |
_aaracısız _bn _2rdamedia |
||
| 338 |
_acilt _bnc _2rdacarrier |
||
| 490 | 1 |
_aÇınar yayınları ; _vNu. |
|
| 490 | 1 | _a1. | |
| 490 | 1 |
_a Fikrî eserler serisi ; _vNu. |
|
| 490 | 1 | _a1. | |
| 650 | 0 |
_aNationalism--Turkey. _99682 |
|
| 830 | 1 |
_aÇınar yayınları ; _vNu. _99329 |
|
| 830 | 1 |
_a1. _92570 |
|
| 830 | 1 |
_a Fikrî eserler serisi ; _vNu. _937780 |
|
| 830 | 1 |
_a1. _92570 |
|
| 907 | _aTarih | ||
| 942 |
_2lcc _cBK |
||
| 999 |
_c16247 _d16247 |
||